000 00299nam a22001337a 4500
008 171030b xxu||||| |||| 00| 0 eng d
020 _a9780070423480
041 _aeng
080 _23RD
_a336
100 _a56
101 _aFIN
245 _aMODERN MONEY AND BANKING
_cMILLER,R.L
942 _2udc
_cBK
999 _c36364
_d36364